Rezidencia veľvyslanca

Gespeichert in:
Bibliographische Detailangaben
1. Verfasser: Michalíková, Zuzana (Verfasst von)
Weitere Verfasser: Botek, Andrej (Betreuung Doktorarbeit)
Format: Manuskript Buch
Sprache:Slowakisch
Veröffentlicht: Bratislava 2019
Schlagworte:
Online-Zugang:http://is.stuba.sk/zp/portal_zp.pl?podrobnosti=128005
Tags: Tag hinzufügen
Keine Tags, Fügen Sie das erste Tag hinzu!

MARC

LEADER 00000ntm a22000003a 4500
001 stuzp73861
003 SK-STU
005 20200918084404.3
007 ta
008 150427s2015----xo-----f-mn---000-0-slo-d
040 |a STU  |b slo 
041 0 |a slo 
100 1 |a Michalíková, Zuzana  |u 053130  |4 aut  |U FAD Fakulta architektúry  |T FA Ústav dejín a teórie architektúry a obnovy pamiatok  |X 82289  |U A3130  |Y 394  |7 82289 
242 0 1 |a Residence of Ambassador  |y eng 
245 1 0 |a Rezidencia veľvyslanca 
260 |c 2019  |a Bratislava 
650 4 |a rezidencia  |2 slo 
650 4 |a dispozícia  |2 slo 
650 4 |a návrh  |2 slo 
650 4 |a residence  |2 eng 
650 4 |a plan  |2 eng 
650 4 |a proposal  |2 eng 
700 1 |a Botek, Andrej  |u 053130  |k Z1  |4 ths  |U FAD Fakulta architektúry  |T FA Ústav dejín a teórie architektúry a obnovy pamiatok  |X 351  |U A3130  |Y 394  |7 A000000351 
856 4 |u http://is.stuba.sk/zp/portal_zp.pl?podrobnosti=128005  |u https://opac.crzp.sk/?fn=detailBiblioForm&sid=819BE1355532A4D319186CAB1E91